Statistiques concernant Culture Générale - Série 1019

Cliquez ici pour prendre le quiz!

Statistiques générales

  • Ce quiz a été pris 74 fois
  • Le résultat moyen est 7 sur 10

Statistiques - réponses

QuestionRéponse% Correct
Le synonyme français du terme anglais "building", est gratte...ciel
97%
Quel mot désigne l'ensemble des soins esthétiques des mains et des ongles, et peut être qualifié de "French" ?manucure
91%
À Londres, quel véhicule emprunte-t-on lorsqu'on saute dans un "cab" ?taxi
91%
Dans un tube de Dalida, une jeune fille a peur de montrer son petit itsi bitsi tini ouini, tout petit, petit...bikini
77%
Quelle actrice, prénommée Jane, est la partenaire de Robert Redford dans les films "La Poursuite impitoyable" et "Pieds nus dans le parc" ?Jane Fonda
67%
Dans quel opéra de Georges Bizet, Micaëla et Escamillo sont-ils des personnages ?Carmen
67%
Qui était le candidat du Parti communiste français, à l'élection présidentielle de 1981 ?Georges Marchais
64%
Dans quel pays se trouve actuellement exposée la Pierre de Rosette ?Royaume-Uni
55%
Quel est le prénom de la soeur du couturier Gianni Versace, dont elle a par ailleurs été la muse ?Donatella
33%
A quel groupe doit-on le tube de 1982 : "Do You Really Want To Hurt Me" ?Culture Club
23%

Distribution des résultats

Percentile par nombre de réponses

% des personnes avec chaque résultat

Votre développement - résultats

Vous n’avez pas pris ce quiz